00341nam a22001217a 4500020000800000040001600008082001900024100002000043245005100063250001200114260005300126300004000179 qPB. cFizza Ishaq a909.09821bMCK aMcKay, P. John. aA History of Western Society /cJohn P. McKay. a4th Ed. aNew York :bHoughton Mifflin College Div,c1991. a364 p, ;c8.5 x 1.75 x 10.75 inches